| 000 | 01511nam a2200361 a 4500 | ||
|---|---|---|---|
| 001 | 00130 | ||
| 003 | DO-SdBNP | ||
| 005 | 20180309105706.0 | ||
| 007 | 00130 | ||
| 008 | 160331b dr 2008 ||||| |||| 00| 0 spa d | ||
| 020 | _a9789945111972 ( v. 6) Guía | ||
| 040 |
_aBPMSU _bspa _cBPMSU |
||
| 092 |
_a372.7 _bS237m 6to 2008 |
||
| 100 | 1 | _aSantos, Altagracia | |
| 245 | 1 | 0 |
_aMatemáticas 6 : _beducación básica / _cAltagracia Santos ; dirección editorial Obdulia García de Escobar ; editor Andrés Molina Maloon |
| 260 |
_aSanto Domingo : _bSantillana, _c2008. |
||
| 300 |
_axiii, 191 p. : _bil., retrs. ; _c30 cm. + _gCD-ROM |
||
| 490 | 1 | _aCoral | |
| 500 | _aLa biblioteca posee el Guía. | ||
| 505 | 0 |
_gGuía : _tOperaciones aritméticas -- _tFracciones -- _tNúmeros decimales -- _tOperaciones con decimales -- _tPotencias y raíz cuadrada -- _tPorcentajes -- _tNúmeros racionales -- _tRazones y proporciones -- _tPolígonos -- _tConstrucciones -- _tMediciones -- _tEstadísticas -- |
|
| 650 | 4 |
_aMATEMÁTICAS _xENSEÑANZA ELEMENTAL |
|
| 650 | 4 | _aEDUCACIÓN PRIMARIA | |
| 650 | 4 | _aLIBROS DE TEXTOS | |
| 650 | 4 |
_aMATEMÁTICAS _xESTUDIOS Y EJERCICIOS |
|
| 700 | 1 | 2 |
_aGarcía de Escobar, Obdulia, _edir. ed. |
| 700 | 1 | 2 |
_aMolina Maloon, Andrés, _eed. |
| 830 | 0 | _aCoral | |
| 910 | _aValidado. Control de calidad MFF | ||
| 942 |
_2ddc _cBK |
||
| 945 | _a Remanejado para la BNPHU / 2018 VM | ||
| 956 |
_aVMATEO _b10 _c20150706 _lBPMSU _h00151 |
||
| 956 |
_aBTAVÁREZ _b10 _c20160401 _lBPMSU _h00130 |
||
| 999 |
_c9497 _d9497 |
||